000 00363 a2200133 4500
001 154158
040 _cEscola São Tomás de Aquino
240 1 0 _aDicionário escolar vox da língua espanhola
_lpor
245 1 0 _aDicionário escolar vox da língua espanhola
362 0 _a2006
440 1 _aEscala Educacional
697 _aDicionários espanhol
942 _cMATP
999 _c154158
_d154158